S.W.A.T. Quiz - Statistics

General Stats
  • This quiz has been taken 873 times
    872 since last reset
  • The average score is 18 of 44
Answer Stats
Hint Answer % Correct
What is Hondo's first name? Daniel
91%
What is his last name? Harrelson
78%
What is Street's first name? Jim
77%
What is Deacon's first name? David
63%
What is Chris' last name? Alonso
62%
Who is he played by? Shemar Moore
60%
What is Tan's first name? Victor
59%
What is Deacon's wife's name? Annie
56%
What is his last name? Kay
56%
What is the name of the kid Hondo took in? Darryl
54%
What is Luca's first name? Dominique
51%
Who gets fired in the first episode? Buck
50%
What is Cortez's first name? Jessica
48%
What is Hick's first name? Robert
48%
Where does the show take place? LA
47%
What is the name of Hick's daughter? Molly
45%
Who replaces him? Street
44%
Who is she played by? Lina Esco
43%
Who is he played by? Jay Harrington
41%
Who is he played by? Alex Russell
40%
What is his 2nd kid's name? Lila
40%
Who is he played by? David Lim
37%
What unit was Chris with before joining S.W.A.T.? K9
37%
Who is he played by? Kenny Johnson
35%
What is his 1st kid's name? Matthew
35%
What does S.W.A.T. stand for? Special Weapons and Tactics
35%
What is the name of Hondo's sister? Winnie
34%
What is Street's foster brothers name? Nate
33%
What is his last name? Spivy
32%
Who is he played by? Patrick St. Esprit
31%
What is his 4th kid's name? Victoria
31%
What is his mom's name? Karen
29%
What is the name of his son? J.P.
27%
What is Lynch's first name? Piper
27%
What is the name of his half-sister? Brianna
26%
Who is she played by? Stephanie Sigman
26%
What is Mumford's first name? Jeff
24%
What is Rocker's first name? Donovan
23%
Who is he played by? Peter Onorati
22%
Who is the police commissioner who helps Cortez in the second season? Michael Plank
21%
What is his 3rd kid's name? Samuel
21%
Who is she played by? Amy Farrington
20%
Who is he played by? Lou Ferrigno Jr.
17%
What is Darryl's son's name? Dion
9%
No matching quizzes found
Score Distribution
Percent of People with Each Score
Percentile by Number Answered
Your Score History
You have not taken this quiz since the last reset